Prírodoveda pre 3. ročník základných škôl. (Pracovný zošit)

Bibliographic Details
Main Authors: Stanko, Ján (Author), Stanková, Anna (Author)
Other Authors: Rigdová, Marta (Illustrator)
Format: Book
Language:Slovak
PhysicalDescription:61 s. ilustr. 30 cm
Published: Bratislava Slovenské pedagogické nakladateľstvo 1999
ISBN:8008030127
Edition:3. vyd.
Subjects:

MARC

LEADER 00000nam a2200000 a 4500
001 vtls001379299
003 SK-MaSNL
005 20260301161336.0
008 240313s1999 xo a r slo
015 |a SNBA2000/02-00618 
020 |a 8008030127 
035 |a SNK000333270 
035 |a urn:nbn:sk:snk-amtkaq 
035 |a urn:nbn:sk:snk-am00c7i2 
035 |a 287D298E-1D12-4E72-B26D-AB3A246759F6 
040 |a SNK  |b slo  |c SNK  |e AACR2 
041 0 |a slo 
044 |a xo  |c SK 
080 |a 372.85(075.2)(076.5)  |2 1981 
100 1 |a Stanko, Ján  |4 aut  |9 8242 
245 1 0 |a Prírodoveda pre 3. ročník základných škôl. (Pracovný zošit)  |c Ján Stanko, Anna Stanková 
250 |a 3. vyd. 
260 |a Bratislava  |b Slovenské pedagogické nakladateľstvo  |c 1999 
300 |a 61 s.  |b ilustr.  |c 30 cm 
500 |a Ilustr. na front. 
500 |a Ilustr. Marta Rigdová 
650 0 7 |a prírodoveda  |x učebnice zákl. škôl (3. roč.)  |x zošity pracovné  |2 SNK  |9 294149 
655 7 |a učebnice  |2 SNK  |9 22521 
700 1 |a Stanková, Anna  |4 aut  |9 46948 
700 1 |a Rigdová, Marta  |4 ill  |9 46527 
919 |a 80-08-03012-7 
958 |a TL 
958 |a UX 
999 |c 809061  |d 810991 
952 |t P60, <03>, [BOOK], {603}  |a SNK  |b SNK  |y PREZ  |7 0  |p 17A0222394  |o snkSB 61241  |i snkKSP 74/2000  |0 0  |1 0  |4 0  |d 1999-12-16  |f 1  |l 0  |r 2025-04-15 00:00:00  |w 2026-02-24 
952 |t P60, <04>, [BOOK], {604}  |a SNK  |b SNK  |y VYP  |7 0  |p 17A0228602  |o snkSB 61241 D1  |i snkKSP 2079/2000  |0 0  |1 0  |4 0  |d 2000-02-16  |l 0  |r 2005-01-02 00:00:00  |w 2026-02-24 
952 |t P60, <09>, [BOOK], {629}  |a SNK  |b SNK  |y NEVYP  |7 0  |o snkB 53  |i snk183/20000221  |0 0  |1 0  |4 0  |d 2000-02-16  |l 0  |r 2005-01-02 00:00:00  |w 2026-02-24